Least Common Pokémon in Pokémon Red/Blue - Statistics

General Stats
  • This quiz has been taken 8 times
  • The average score is 18 of 26
Answer Stats
Appearances Pokémon % Correct
0 Articuno
100%
0 Ditto
100%
0 Dratini
100%
0 Kabuto
100%
0 Kabutops
100%
0 Mew
100%
0 Mewtwo
100%
0 Moltres
100%
0 Omanyte
100%
0 Omastar
100%
0 Zapdos
100%
0 Electabuzz
80%
0 Magmar
80%
0 Pinsir
80%
0 Scyther
80%
0 Eevee
60%
0 Flareon
60%
0 Jolteon
60%
0 Porygon
60%
0 Snorlax
60%
0 Vaporeon
60%
0 Golem
20%
0 Krabby
20%
0 Clefable
0%
0 Poliwrath
0%
0 Psyduck
0%
No matching quizzes found
Score Distribution
Percent of People with Each Score
Percentile by Number Answered
Your Score History
You have not taken this quiz